|
|
|
|
| LEADER |
00000naa2a2200000 4500 |
| 001 |
428582 |
| 005 |
20231101074839.0 |
| 035 |
|
|
|a (RuTPU)RU\TPU\prd\88159
|
| 035 |
|
|
|a RU\TPU\prd\29765
|
| 090 |
|
|
|a 428582
|
| 100 |
|
|
|a 20101015a2004 k y0rusy50 ca
|
| 101 |
0 |
|
|a rus
|
| 102 |
|
|
|a RU
|
| 200 |
1 |
|
|a Магнитно-тепловой метод контроля геометрических характеристик проплавления соединений, выполненных контактной и дуговой сваркой
|f В. П. Куликов, С. В. Болотов
|
| 225 |
1 |
|
|a Магнитные методы
|
| 320 |
|
|
|a Библиогр.: 5 назв.
|
| 461 |
|
1 |
|0 (RuTPU)RU\TPU\prd\151
|x 0130-3082
|t Дефектоскопия
|d 1965-
|
| 463 |
|
1 |
|0 (RuTPU)RU\TPU\prd\88149
|t № 4
|v С. 73-85
|d 2004
|
| 610 |
1 |
|
|a сталь
|
| 610 |
1 |
|
|a контактная точечная сварка
|
| 610 |
1 |
|
|a проплавление
|
| 610 |
1 |
|
|a дуговая сварка
|
| 610 |
1 |
|
|a контроль
|
| 610 |
1 |
|
|a магнитно-тепловой метод
|
| 610 |
1 |
|
|a геометрические характеристики
|
| 675 |
|
|
|a 621.791
|v 3
|
| 675 |
|
|
|a 620.179.14
|v 3
|
| 700 |
|
1 |
|a Куликов
|b В. П.
|
| 701 |
|
1 |
|a Болотов
|b С. В.
|
| 801 |
|
1 |
|a RU
|b 63413507
|c 20041111
|g PSBO
|
| 801 |
|
2 |
|a RU
|b 63413507
|c 20131221
|g PSBO
|
| 942 |
|
|
|c BK
|